00495nam a22001697a 4500010001400000020003200014035001700046035001300063037001800076082000600094100001800100245006100118260003000179270006200209300002600271490002800297 a1617CH-EN a9789382607380cRs.175.00 Hb aB-641840-866 aB-664825 aDPLbBSB/Ven. aS aVerne, Jules  aA journey to the centre of the earth / cby Jules Verne  aNew Delhi bOm Kidzc2016 a4379/4B, Prakash House, Ansari Road, bNew Delhi e110002 a237p.bill.c20cm(Hb) aOm Illustrated Classics